<?xml version="1.0" encoding="UTF-8"?>
<record
    xmlns:xsi="http://www.w3.org/2001/XMLSchema-instance"
    xsi:schemaLocation="http://www.loc.gov/MARC21/slim http://www.loc.gov/standards/marcxml/schema/MARC21slim.xsd"
    xmlns="http://www.loc.gov/MARC21/slim">

  <leader>02868cam a22002418i 4500</leader>
  <controlfield tag="001">99116439040004341</controlfield>
  <controlfield tag="005">20250619150448.0</controlfield>
  <controlfield tag="008">200806s2021    enk      b    001|0 eng d</controlfield>
  <datafield tag="015" ind1=" " ind2=" ">
    <subfield code="a">GBC108150</subfield>
    <subfield code="2">bnb</subfield>
  </datafield>
  <datafield tag="016" ind1="7" ind2=" ">
    <subfield code="a">020084041</subfield>
    <subfield code="2">Uk</subfield>
  </datafield>
  <datafield tag="020" ind1=" " ind2=" ">
    <subfield code="a">9788418741333</subfield>
  </datafield>
  <datafield tag="035" ind1=" " ind2=" ">
    <subfield code="a">(Uk)020084041</subfield>
  </datafield>
  <datafield tag="040" ind1=" " ind2=" ">
    <subfield code="a">StDuBDS</subfield>
    <subfield code="b">eng</subfield>
    <subfield code="c">StDuBDS</subfield>
    <subfield code="e">rda</subfield>
  </datafield>
  <datafield tag="100" ind1=" " ind2=" ">
    <subfield code="a">Hooven, Carole,</subfield>
    <subfield code="e">author.</subfield>
    <subfield code="9">25548</subfield>
  </datafield>
  <datafield tag="245" ind1="1" ind2="0">
    <subfield code="a">Testosterone </subfield>
    <subfield code="b">: the story of the hormone that dominates and divides us </subfield>
    <subfield code="c">/ Carole Hooven.</subfield>
  </datafield>
  <datafield tag="264" ind1=" " ind2="1">
    <subfield code="a">Barcelona:</subfield>
    <subfield code="b">Arpa,</subfield>
    <subfield code="c">2021.</subfield>
  </datafield>
  <datafield tag="300" ind1=" " ind2=" ">
    <subfield code="a">351 pages :</subfield>
    <subfield code="c">24 cm</subfield>
  </datafield>
  <datafield tag="504" ind1=" " ind2=" ">
    <subfield code="a">Includes bibliographic references and index.</subfield>
  </datafield>
  <datafield tag="520" ind1=" " ind2=" ">
    <subfield code="a">Una historia sobre la hormona que nos domina, nos divide y nos impulsa.
El origen biol&#xF3;gico de la masculinidad ha inspirado fascinaci&#xF3;n y controversia desde la antig&#xFC;edad. Desde los eunucos de la antigua China, hasta el mercado de los &#xAB;elixires&#xBB; de juventud en la Europa del siglo xix, el ser humano ha estado obsesionado con identificar y manipular lo que hoy conocemos como testosterona. Gracias al inter&#xE9;s que sigue generando y a los m&#xE9;todos de la ciencia moderna, hoy disponemos de un rico corpus de investigaci&#xF3;n sobre sus efectos tanto en hombres como en mujeres. La ciencia es clara: la testosterona desempe&#xF1;a un papel clave en las relaciones, el sexo, la infancia, los roles parentales, el trabajo, el deporte, las transiciones de g&#xE9;nero, la violencia&#x2026;
A trav&#xE9;s de fascinantes historias personales y con un profundo conocimiento de los m&#xE1;s recientes avances cient&#xED;ficos en este terreno, Carole Hooven, bi&#xF3;loga evolutiva en la Universidad de Harvard, analiza con ingenio y rigor la poderosa influencia de esta hormona en las diferencias de sexo y el comportamiento humano, y nos invita a reflexionar sobre sus consecuencias.</subfield>
  </datafield>
  <datafield tag="520" ind1=" " ind2=" ">
    <subfield code="a">A story about the hormone that dominates, divides, and drives us.

The biological origins of masculinity have fascinated and provoked controversy since ancient times. From the eunuchs of ancient China to the booming market for youth "elixirs" in 19th-century Europe, humans have long been obsessed with identifying and manipulating what we now know as testosterone. Thanks to ongoing interest and the tools of modern science, we now possess a rich body of research into its effects on both men and women. The science is clear: testosterone plays a crucial role in relationships, sex, childhood, parenting, work, sport, gender transitions, violence...

Through compelling personal stories and a deep understanding of the latest scientific advances in the field, Carole Hooven, an evolutionary biologist at Harvard University, explores with wit and rigour the powerful influence of this hormone on sex differences and human behaviour &#x2014; and invites us to reflect on its far-reaching consequences.</subfield>
  </datafield>
  <datafield tag="650" ind1=" " ind2="0">
    <subfield code="a">Testosterone</subfield>
    <subfield code="v">Popular works.</subfield>
  </datafield>
  <datafield tag="942" ind1=" " ind2=" ">
    <subfield code="2">lcc</subfield>
  </datafield>
  <datafield tag="952" ind1=" " ind2=" ">
    <subfield code="0">0</subfield>
    <subfield code="1">0</subfield>
    <subfield code="2">lcc</subfield>
    <subfield code="4">0</subfield>
    <subfield code="7">0</subfield>
    <subfield code="a">TBS</subfield>
    <subfield code="b">TBS</subfield>
    <subfield code="d">2025-06-19</subfield>
    <subfield code="l">0</subfield>
    <subfield code="o">QP801.T4 HOO</subfield>
    <subfield code="p">B06009</subfield>
    <subfield code="r">2025-06-19</subfield>
    <subfield code="t">1</subfield>
    <subfield code="w">2025-06-19</subfield>
    <subfield code="y">1</subfield>
    <subfield code="z">WELL COLLECTION</subfield>
  </datafield>
  <datafield tag="999" ind1=" " ind2=" ">
    <subfield code="c">4783</subfield>
    <subfield code="d">4783</subfield>
  </datafield>
</record>
